000 00328 a2200157 4500
001 174896
020 _a
040 _cMagnum
100 _aLima, Flavio Ferraz
240 1 0 _aO galo que acordava o dia
_lpor
245 1 0 _aO galo que acordava o dia
362 0 _a1899
440 1 _aLĂȘ
697 _aI/ANIMAIS
942 _cBK
999 _c174896
_d174896